| 000 | 00709nam a2200241 a 4500 | ||
|---|---|---|---|
| 005 | 20240910063746.0 | ||
| 008 | 060622s2002 mx r 000 0 spa d | ||
| 020 | _a9701032802 | ||
| 035 | _aUPN01000145426 | ||
| 049 | _aCG | ||
| 050 | 4 |
_aBF637 S4 _bR6.2 |
|
| 100 | 1 | _aRoffer, Robin Fisher | |
| 245 | 1 | 3 |
_aEl auténtico valor de la ímagen / _cRobin Fisher Roffer. |
| 260 |
_aMéxico : _bMcGraw-Hill Interamericana, _c2002. |
||
| 300 |
_a262 p. : _bil. |
||
| 534 |
_pTraducción de: _tMake a name for yourself |
||
| 650 | 4 |
_aAUTORREALIZACION (PSICOLOGIA) _94106 |
|
| 650 | 4 |
_aConducta de vida _94416 |
|
| 650 | 2 |
_aFeminidad _917919 |
|
| 650 | 4 |
_aÉxito _97041 |
|
| 905 | _aLibro | ||
| 999 |
_c117572 _d117572 |
||